Revitalizácia trhoviska Miletičova, Bratislava

Enregistré dans:
Détails bibliographiques
Auteur principal: Langová, Soňa (Auteur)
Autres auteurs: Bátor, Jozef (Directeur de thèse)
Format: Manuscrit Livre
Langue:slovaque
Publié: 2023
Sujets:
Accès en ligne:http://is.stuba.sk/zp/portal_zp.pl?podrobnosti=170238
Tags: Ajouter un tag
Pas de tags, Soyez le premier à ajouter un tag!

MARC

LEADER 00000ntm a22000003a 4500
001 stuzp94460
003 SK-STU
005 20230909222203.9
007 ta
008 150427s2015----xo-----f-mn---000-0-slo-d
040 |a STU  |b slo 
041 0 |a slo 
100 1 |a Langová, Soňa  |u 058180  |4 aut  |U FAD Fakulta architektúry a dizajnu  |T FAD Ústav architektúry občianskych budov  |X 94019  |U A8180  |Y 399  |7 94019 
242 0 1 |a Revitalization of Miletičova market, Bratislava  |y eng 
245 1 0 |a Revitalizácia trhoviska Miletičova, Bratislava 
260 |c 2023 
650 4 |a revitalizácia  |2 slo 
650 4 |a rám  |2 slo 
650 4 |a trhovisko  |2 slo 
650 4 |a frame  |2 eng 
650 4 |a open-air market  |2 eng 
650 4 |a revitalisation  |2 eng 
700 1 |a Bátor, Jozef  |u 058180  |k Z1  |4 ths  |U FAD Fakulta architektúry a dizajnu  |T FAD Ústav architektúry občianskych budov  |X 4810  |U A8180  |Y 399  |7 A000004810 
856 4 |u http://is.stuba.sk/zp/portal_zp.pl?podrobnosti=170238